An inter-industry analysis of the West Malaysian economy (Record no. 45307)

MARC details
000 -LEADER
fixed length control field 00361nam a2200133Ia 4500
100 ## - MAIN ENTRY--AUTHOR NAME
Personal name Abdul Rahman Abdul Aziz
245 #3 - TITLE STATEMENT
Title An inter-industry analysis of the West Malaysian economy
260 ## - PUBLICATION, DISTRIBUTION, ETC. (IMPRINT)
Name of publisher Pertanika
Year of publication 1987
300 ## - PHYSICAL DESCRIPTION
Number of Pages 375-380
650 ## - SUBJECT ADDED ENTRY--TOPICAL TERM
Topical Term Inter-industry analysis
650 ## - SUBJECT ADDED ENTRY--TOPICAL TERM
Topical Term Malaysia
942 ## - ADDED ENTRY ELEMENTS (KOHA)
Koha item type Reprints
Holdings
Withdrawn status Lost status Damaged status Not for loan Home library Current library Shelving location Date acquired Serial Enumeration / chronology Accession Number Koha item type
      Reprints RRII Library RRII Library Agricultural economics 22/12/2021 Volume 10, Issue 3 P01265 Reprints